Agriculture and related agencies appropriations for 1977 : hearings before a subcommittee of the Committee on Appropriations, House of Representatives, Ninety-fourth Congress, second session.
| Corporate Authors: | , |
|---|---|
| Format: | eBook |
| Language: | English |
| Published: |
Washington :
U.S. Govt. Print. Off,
1976.
|
| Series: | U.S. Congressional Hearings.
|
| Subjects: | |
| Online Access: | Connect to the full text of this electronic book Connect to the full text of this electronic book Connect to the full text of this electronic book Connect to the full text of this electronic book Connect to the full text of this electronic book Connect to the full text of this electronic book |
MARC
| Tag | First Indicator | Second Indicator | Subfields |
|---|---|---|---|
| LEADER | 00000cam a22000001a 4500 | ||
| 001 | in00003200219 | ||
| 006 | m d f | ||
| 007 | cr bn mmmapmmp | ||
| 008 | 090922s1976 dcua o f000 0 eng d | ||
| 005 | 20260504204843.0 | ||
| 035 | |a cis2007440537 | ||
| 040 | |a UMI |c UMI |d UtOrBLW | ||
| 043 | |a n-us--- | ||
| 099 | |a HRG-1976-HAP-0007 | ||
| 099 | |a HRG-1976-HAP-0008 | ||
| 099 | |a HRG-1976-HAP-0009 | ||
| 099 | |a HRG-1976-HAP-0010 | ||
| 099 | |a HRG-1976-HAP-0026 | ||
| 099 | |a HRG-1976-HAP-0027 | ||
| 110 | 1 | |a United States. |b Congress. |b House. |b Committee on Appropriations. |b Subcommittee on Agriculture and Related Agencies. | |
| 245 | 1 | 0 | |a Agriculture and related agencies appropriations for 1977 : |b hearings before a subcommittee of the Committee on Appropriations, House of Representatives, Ninety-fourth Congress, second session. |
| 264 | 1 | |a Washington : |b U.S. Govt. Print. Off, |c 1976. | |
| 300 | |a 1 online resource. | ||
| 336 | |a text |b txt |2 rdacontent | ||
| 337 | |a computer |b c |2 rdamedia | ||
| 338 | |a online resource |b cr |2 rdacarrier | ||
| 538 | |a System requirements: PDF reader software. | ||
| 500 | |a Electronic resource. | ||
| 610 | 1 | 0 | |a United States. |b Department of Agriculture |x Appropriations and expenditures. |
| 655 | 7 | |a Electronic books. |2 local | |
| 710 | 2 | |a ProQuest (Firm) | |
| 776 | 0 | 8 | |i Print version: |a United States. Congress. House. Committee on Appropriations. Subcommittee on Agriculture and Related Agencies. |t Agriculture and related agencies appropriations for 1977 |w (DLC)76601711 |
| 776 | 0 | 8 | |i Microfiche version: |a United States. Congress. House. Committee on Appropriations. Subcommittee on Agriculture and Related Agencies. |t Agriculture and related agencies appropriations for 1977. |d [Bethesda, Md.] : ProQuest,[2004] |o CIS 76 H181-13 (pt. 1) |o CIS 76 H181-14 (pt. 2) |o CIS 76 H181-15 (pt. 3) |o CIS 76 H181-16 (pt. 4) |o CIS 76 H181-34 (pt. 5) |o CIS 76 H181-35 (pt. 6) |w (ProQuest)cis07600444 |
| 830 | 0 | |a U.S. Congressional Hearings. | |
| 856 | 4 | 0 | |u http://proxy.library.tamu.edu/login?url=https://congressional.proquest.com/congcomp/getdoc?HEARING-ID=HRG-1976-HAP-0007 |z Connect to the full text of this electronic book |t 0 |
| 856 | 4 | 0 | |u http://proxy.library.tamu.edu/login?url=https://congressional.proquest.com/congcomp/getdoc?HEARING-ID=HRG-1976-HAP-0008 |z Connect to the full text of this electronic book |t 0 |
| 856 | 4 | 0 | |u http://proxy.library.tamu.edu/login?url=https://congressional.proquest.com/congcomp/getdoc?HEARING-ID=HRG-1976-HAP-0009 |z Connect to the full text of this electronic book |t 0 |
| 856 | 4 | 0 | |u http://proxy.library.tamu.edu/login?url=https://congressional.proquest.com/congcomp/getdoc?HEARING-ID=HRG-1976-HAP-0010 |z Connect to the full text of this electronic book |t 0 |
| 856 | 4 | 0 | |u http://proxy.library.tamu.edu/login?url=https://congressional.proquest.com/congcomp/getdoc?HEARING-ID=HRG-1976-HAP-0026 |z Connect to the full text of this electronic book |t 0 |
| 856 | 4 | 0 | |u http://proxy.library.tamu.edu/login?url=https://congressional.proquest.com/congcomp/getdoc?HEARING-ID=HRG-1976-HAP-0027 |z Connect to the full text of this electronic book |t 0 |
| 998 | |a cis07600444 | ||
| 999 | |a MARS | ||
| 999 | f | f | |s 3dd101cf-3cef-38c8-a502-a6e5600d649f |i 4f4bf617-6582-3dd4-b66b-b2e2caaebc5d |t 0 |
| 952 | f | f | |a Texas A&M University |b College Station |c Electronic Resources |s www_evans |d Available Online |t 0 |e HRG-1976-HAP-0027 |h Other scheme |
| 998 | f | f | |a HRG-1976-HAP-0027 |t 0 |l Available Online |